Fourth Wing Series (The Empyrean) Dragons and Signets - Statistics

General Stats
  • This quiz has been taken 80 times
  • The average score is 16 of 36
Answer Stats
Character Dragon / Signet Answer % Correct
Violet Dragon Tairn
97%
Signet Shadow wielding
95%
Dragon Andarna
94%
Signet Lightning wielding
94%
Xaden Dragon Sgaeyl
83%
Signet Mind wipe recent memories
79%
Signet Retrocognition (Memory Reader)
75%
Signet Ice wielding
63%
Signet Metallurgy
60%
Dain Dragon Cath
56%
Signet Inntinnsic (Intentions)
54%
Signet Far sight
52%
Signet Storm wielding
52%
Signet Mending
51%
Signet Ward Extension
51%
Mira Dragon Teine
48%
Signet Siphoning
46%
Signet Battle foresight
44%
General Melgren Dragon Codagh
41%
Ridoc Dragon Aotrom
38%
Signet Precognition
38%
Liam Dragon Deigh
37%
Rhiannon Dragon Feirge
37%
Signet Countering signets
32%
Signet Summoning
30%
Signet Astral projection
29%
Sawyer Dragon Sliseag
24%
Lilith Dragon Aimsir
21%
Bodhi Dragon Cuir
17%
Imogen Dragon Glane
16%
Brennan Dragon Marbh
16%
Quinn Dragon Cruth
14%
Aaric Dragon Molvic
11%
Sloane Dragon Thoirt
11%
Signet Wind wielding
11%
Cianna Dragon Gaothal
3%
No matching quizzes found
Score Distribution
Percent of People with Each Score
Percentile by Number Answered
Your Score History
You have not taken this quiz